[Event "ESP-ch 84th"]
[Site "Marbella"]
[Date "2019.11.19"]
[Round "4"]
[White "Berrocal Ruiz, Valentin"]
[Black "Gomez Dieguez, David"]
[Result "1-0"]
[WhiteElo "2143"]
[BlackElo "2336"]
[PlyCount "61"]
[EventDate "2019.11.16"]
[EventType "swiss"]
[EventRounds "9"]
[EventCountry "ESP"]
[SourceTitle "CBM 193 Extra"]
[Source "ChessBase"]
[SourceDate "2020.01.31"]
[SourceVersion "1"]
[SourceVersionDate "2020.01.31"]
[SourceQuality "1"]

1. Nf3 Nf6 2. c4 c5 3. Nc3 Nc6 4. d4 cxd4 5. Nxd4 g6 6. e4 Bg7 7. Be3 Ng4 8. Qxg4 Nxd4 9. Qd1 Ne6 10. Rc1 Qa5 11. Be2 b6 12. Qd5 Qxd5 13. cxd5 Nd4 14. Bd3 0-0 15. 0-0 f5 16. e5 Bxe5 17. f4 Bg7 18. Rfd1 d6 19. Bb1 e5 20. dxe6 Nxe6 21. Rxd6 Re8 22. a3 Nc5 23. Ba2+ Kf8 24. Nd5 Bxb2 25. Rxc5 Bxa3 26. Rf6+ Kg7 27. Rc7+ Kh6 28. Rff7 Rh8 29. Nf6 g5 30. fxg5+ Kg6 31. Rg7# 1-0

[Event "Gibraltar Masters 16th"]
[Site "Caleta"]
[Date "2018.01.29"]
[Round "7"]
[White "Berrocal Ruiz, Valentin"]
[Black "Sukandar, Irine Kharisma"]
[Result "1/2-1/2"]
[WhiteElo "2068"]
[BlackElo "2387"]
[PlyCount "92"]
[EventDate "2018.01.23"]
[EventType "swiss"]
[EventRounds "10"]
[EventCountry "GGB"]
[SourceTitle "CBM 183"]
[Source "ChessBase"]
[SourceDate "2018.03.14"]
[SourceVersion "1"]
[SourceVersionDate "2018.03.14"]
[SourceQuality "1"]

1. Nf3 Nf6 2. b3 d5 3. Bb2 c5 4. e3 e6 5. Be2 Nc6 6. 0-0 Bd6 7. d4 0-0 8. c4 cxd4 9. Nxd4 Nxd4 10. Qxd4 e5 11. Qh4 Be6 12. Nc3 dxc4 13. Bxc4 Bxc4 14. Qxc4 Rc8 15. Qe2 Qe7 16. Rfd1 Qe6 17. Rac1 a6 18. Qd3 Rfd8 19. Ne4 Rxc1 20. Bxc1 Nxe4 21. Qxe4 Qe7 22. h3 h6 23. Bb2 Rc8 24. Qd5 Rc6 25. Rc1 Rxc1+ 26. Bxc1 Qc7 27. Bb2 Kf8 28. Qd3 Qc6 29. Bc3 Ke7 30. e4 Ke6 31. Qf3 f6 32. Qd3 b5 33. Bd2 Ke7 34. Qg3 Kf7 35. Qd3 Bc7 36. Qc3 Qd6 37. Be3 Ke6 38. Qc5 Kd7 39. Qxd6+ Bxd6 40. Kf1 Kc6 41. Ke2 Bc5 42. Kd3 Bb4 43. Bd2 Kc5 44. Be3+ Kc6 45. Bd2 Kc5 46. Be3+ Kc6 1/2-1/2

[Event "Gibraltar Masters 16th"]
[Site "Caleta"]
[Date "2018.01.28"]
[Round "6"]
[White "Rapport, Jovana"]
[Black "Berrocal Ruiz, Valentin"]
[Result "0-1"]
[WhiteElo "2305"]
[BlackElo "2068"]
[PlyCount "83"]
[EventDate "2018.01.23"]
[EventType "swiss"]
[EventRounds "10"]
[EventCountry "GGB"]
[SourceTitle "CBM 183"]
[Source "ChessBase"]
[SourceDate "2018.03.14"]
[SourceVersion "1"]
[SourceVersionDate "2018.03.14"]
[SourceQuality "1"]

1. Nf3 Nf6 2. b3 g6 3. Bb2 Bg7 4. g4 0-0 5. g5 Nh5 6. d4 c5 7. e3 Nc6 8. c3 e5 9. d5 e4 10. Nfd2 Ne5 11. Nxe4 f5 12. Nxc5 Qxg5 13. h4 Qf6 14. Nd3 f4 15. e4 Ng3 16. fxg3 fxg3 17. Kd2 d6 18. Be2 g2 19. Rg1 Nxd3 20. Kxd3 Qxh4 21. Nd2 Qg3+ 22. Kc2 Rf2 23. Qe1 h5 24. Bf1 Bh6 25. Bc1 Bh3 26. Bd3 Rc8 27. a4 Bg4 28. e5 Be2 29. Bc4 Bxc4 30. bxc4 Rxc4 31. Ra3 dxe5 32. Kd1 Qg4+ 33. Kc2 Qf5+ 34. Kb2 Bxd2 35. Bxd2 Rf1 36. Rxg2 Rxe1 37. Bxe1 Qe4 38. Rg1 Qe2+ 39. Kb3 Re4 40. Ra1 Qc4+ 41. Kc2 Re2+ 42. Bd2 0-1

[Event "Gibraltar Masters 16th"]
[Site "Caleta"]
[Date "2018.01.26"]
[Round "4"]
[White "Meszaros, Andras"]
[Black "Berrocal Ruiz, Valentin"]
[Result "0-1"]
[WhiteElo "2258"]
[BlackElo "2068"]
[PlyCount "79"]
[EventDate "2018.01.23"]
[EventType "swiss"]
[EventRounds "10"]
[EventCountry "GGB"]
[SourceTitle "CBM 183"]
[Source "ChessBase"]
[SourceDate "2018.03.14"]
[SourceVersion "1"]
[SourceVersionDate "2018.03.14"]
[SourceQuality "1"]

1. d4 Nf6 2. c4 e6 3. Nf3 c5 4. d5 exd5 5. cxd5 d6 6. Nc3 g6 7. Bg5 Bg7 8. e3 0-0 9. Be2 a6 10. a4 Re8 11. 0-0 h6 12. Bh4 g5 13. Bg3 Nh5 14. Nd2 Nxg3 15. hxg3 Nd7 16. Bg4 Ne5 17. Bxc8 Rxc8 18. Nf3 Nc4 19. Qe2 Na5 20. Rab1 Qb6 21. Nh2 Re7 22. Qh5 c4 23. Ng4 Kh7 24. f4 f5 25. Nf2 Rxe3 26. fxg5 Rf8 27. Ne2 Qd8 28. Nh3 Qe8 29. g6+ Qxg6 30. Qxg6+ Kxg6 31. Nef4+ Kh7 32. Ne6 Rf7 33. g4 Nb3 34. Rxf5 Rxf5 35. gxf5 Nd4 36. Rf1 Bf6 37. Nf2 Ne2+ 38. Kh2 Be5+ 39. g3 Nxg3 40. Rc1 0-1

[Event "Gibraltar Masters 16th"]
[Site "Caleta"]
[Date "2018.01.25"]
[Round "3"]
[White "Berrocal Ruiz, Valentin"]
[Black "Blohberger, Felix"]
[Result "0-1"]
[WhiteElo "2068"]
[BlackElo "2367"]
[PlyCount "88"]
[EventDate "2018.01.23"]
[EventType "swiss"]
[EventRounds "10"]
[EventCountry "GGB"]
[SourceTitle "CBM 183"]
[Source "ChessBase"]
[SourceDate "2018.03.14"]
[SourceVersion "1"]
[SourceVersionDate "2018.03.14"]
[SourceQuality "1"]

1. e4 e6 2. d3 d5 3. Nd2 Nf6 4. Ngf3 b6 5. g3 Bb7 6. Bg2 Be7 7. 0-0 c5 8. Re1 Nc6 9. Qe2 0-0 10. e5 Nd7 11. h4 b5 12. Nf1 Qb6 13. N1h2 Rfc8 14. Bf4 a5 15. Ng5 h6 16. Ngf3 Qd8 17. h5 a4 18. a3 b4 19. Ng4 Bf8 20. Qd2 Kh7 21. d4 bxa3 22. bxa3 Nxd4 23. Nxd4 cxd4 24. Bf1 Nc5 25. Bd3+ Nxd3 26. Qxd3+ Kh8 27. Ra2 Qa5 28. Rb1 Ba6 29. Qxd4 Be2 30. Bd2 Qd8 31. Ne3 Bc5 32. Qf4 Bxh5 33. Bb4 g5 34. Qf6+ Qxf6 35. exf6 Bd4 36. Be7 Bf3 37. Nf1 Bc3 38. Nh2 Be2 39. Kg2 Kh7 40. Rh1 Kg6 41. g4 Bc4 42. Raa1 Bxa1 43. Rxa1 Be2 44. Ra2 Rc4 0-1

[Event "Gibraltar Masters 15th"]
[Site "Caleta"]
[Date "2017.01.24"]
[Round "1"]
[White "Berrocal Ruiz, Valentin"]
[Black "Javakhishvili, Lela"]
[Result "0-1"]
[WhiteElo "2042"]
[BlackElo "2455"]
[PlyCount "122"]
[EventDate "2017.01.24"]
[EventType "swiss"]
[EventRounds "10"]
[EventCountry "GGB"]
[SourceTitle "CBM 177"]
[Source "ChessBase"]
[SourceDate "2017.03.16"]
[SourceVersion "1"]
[SourceVersionDate "2017.03.16"]
[SourceQuality "1"]

1. e4 c5 2. Na3 Nc6 3. Bb5 Qc7 4. Nf3 Nf6 5. d3 g6 6. 0-0 Bg7 7. c3 0-0 8. Bg5 d6 9. Qc1 Rd8 10. Re1 a6 11. Bxc6 Qxc6 12. Nc4 b5 13. Ne3 Be6 14. h3 Qb7 15. Qd2 a5 16. Bxf6 Bxf6 17. Ng4 Bg7 18. Qf4 f6 19. d4 h5 20. Ngh2 Kh7 21. Qd2 Bh6 22. Qd1 Bf7 23. Nf1 cxd4 24. cxd4 e5 25. d5 f5 26. exf5 gxf5 27. Nh4 Qxd5 28. Nxf5 Qxd1 29. Rexd1 Bf8 30. Nd2 Bg6 31. Nh4 Bc2 32. Re1 Rac8 33. Ne4 Bxe4 34. Rxe4 Rc4 35. Rae1 Rdc8 36. b3 Rxe4 37. Rxe4 Rc1+ 38. Kh2 Rc2 39. a4 d5 40. Re1 bxa4 41. bxa4 e4 42. Rd1 Bd6+ 43. Kg1 Bc5 44. Rxd5 Bxf2+ 45. Kf1 Kh6 46. Nf5+ Kg6 47. g4 hxg4 48. hxg4 Bc5 49. Re5 Rc4 50. Ng3 e3 51. Re4 Rc2 52. Nf5 Rf2+ 53. Ke1 Bb4+ 54. Kd1 Rd2+ 55. Kc1 e2 56. Nh4+ Kg7 57. Nf3 Rd1+ 58. Kc2 e1Q 59. Nxe1 Rxe1 60. Rf4 Re3 61. Rc4 Ra3 0-1

[Event "Gibraltar Masters 14th"]
[Site "Caleta"]
[Date "2016.01.28"]
[Round "3"]
[White "Plotkin, Victor"]
[Black "Berrocal Ruiz, Valentin"]
[Result "1/2-1/2"]
[WhiteElo "2291"]
[BlackElo "2040"]
[PlyCount "87"]
[EventDate "2016.01.26"]
[EventType "swiss"]
[EventRounds "10"]
[EventCountry "GGB"]
[SourceTitle "CBM 171"]
[Source "ChessBase"]
[SourceDate "2016.03.14"]
[SourceVersion "2"]
[SourceVersionDate "2016.03.14"]
[SourceQuality "1"]

1. e4 g6 2. d4 Bg7 3. Nf3 c5 4. d5 d6 5. c4 Bg4 6. Be2 Nf6 7. Nc3 0-0 8. Bg5 Nbd7 9. Qd2 Re8 10. h3 Bxf3 11. Bxf3 a6 12. 0-0 b5 13. cxb5 axb5 14. Bxf6 Bxf6 15. Nxb5 Qa5 16. Nc3 Nb6 17. Qc2 Reb8 18. Rfc1 Na4 19. Nxa4 Qxa4 20. b3 Qa3 21. Rab1 Bd4 22. Be2 Qxa2 23. g3 Ra3 24. Bc4 Rba8 25. Kf1 R3a7 26. Bd3 Qxc2 27. Rxc2 Ra2 28. Rbc1 Rxc2 29. Rxc2 Ra1+ 30. Ke2 Rb1 31. Bc4 Rb2 32. Rxb2 Bxb2 33. Kd3 g5 34. Bb5 Bd4 35. f4 h6 36. Ke2 gxf4 37. gxf4 Kg7 38. Kf3 Bc3 39. Kg4 Bd4 40. Kf5 Be3 41. e5 Bd2 42. Be2 Bc1 43. Bh5 Bd2 44. Ke4 1/2-1/2

[Event "Malaga-chA"]
[Site "Malaga"]
[Date "1996.??.??"]
[Round "1"]
[White "Berrocal Ruiz, Valentin"]
[Black "Perez Guijarro, Eduardo"]
[Result "1-0"]
[WhiteElo "2025"]
[BlackElo "2000"]
[PlyCount "95"]
[EventDate "1996.??.??"]
[EventType "swiss"]
[EventRounds "9"]
[EventCountry "ESP"]
[SourceTitle "EXT 2003"]
[Source "ChessBase"]
[SourceDate "2002.11.25"]
[SourceVersion "1"]
[SourceVersionDate "2002.11.25"]
[SourceQuality "1"]

1. e4 c5 2. Nf3 e6 3. d4 cxd4 4. Nxd4 a6 5. Nc3 Qc7 6. Be2 Nf6 7. a3 Nc6 8. Be3 Be7 9. 0-0 d6 10. Kh1 Bd7 11. f4 Nxd4 12. Bxd4 Bc6 13. Bf3 0-0 14. e5 Nd7 15. Bxc6 Qxc6 16. Qg4 dxe5 17. fxe5 f5 18. exf6 Bxf6 19. Bxf6 Nxf6 20. Qe2 Rf7 21. Rae1 Re8 22. Rf3 e5 23. Re3 e4 24. h3 Rfe7 25. Rd1 Re5 26. Rd4 b5 27. a4 Qc5 28. Qd2 b4 29. Ne2 Nd5 30. Rg3 e3 31. Qd3 Rf8 32. Qxa6 Rf1+ 33. Kh2 Rf2 34. Rc4 Qf8 35. Rcg4 g6 36. Qc4 Rxe2 37. Qxe2 Nf4 38. Qc4+ Qf7 39. Qxf7+ Kxf7 40. Rxf4+ Ke6 41. Rf1 Kd5 42. Re1 Kd4 43. Rg4+ Kc5 44. h4 h6 45. Rxg6 b3 46. cxb3 Kd4 47. Rg4+ Kd3 48. Rg3 1-0

[Event "Malaga-chA"]
[Site "Malaga"]
[Date "1996.??.??"]
[Round "4"]
[White "Gutierrez Lopez, Carlos"]
[Black "Berrocal Ruiz, Valentin"]
[Result "1/2-1/2"]
[WhiteElo "2000"]
[BlackElo "2025"]
[PlyCount "33"]
[EventDate "1996.??.??"]
[EventType "swiss"]
[EventRounds "9"]
[EventCountry "ESP"]
[SourceTitle "EXT 2003"]
[Source "ChessBase"]
[SourceDate "2002.11.25"]
[SourceVersion "1"]
[SourceVersionDate "2002.11.25"]
[SourceQuality "1"]

1. e4 e5 2. Nf3 Nc6 3. Bb5 a6 4. Bxc6 dxc6 5. d4 exd4 6. Qxd4 Qxd4 7. Nxd4 Bd7 8. Be3 0-0-0 9. Nd2 h6 10. 0-0-0 Nf6 11. f3 c5 12. N4b3 b6 13. Nc4 Be6 14. Rxd8+ Kxd8 15. Rd1+ Kc8 16. Nbd2 Be7 17. a3 1/2-1/2